000 00581nam a2200217Ia 4500
005 20231220103936.0
008 140110s9999 xx 000 0 und d
020 _a9788184570359
_cRs.750
040 _aLoreto College
041 _aEnglish
082 _a302.23
_bPAD
100 _aPadmaja, R.
245 _aMarketing of newspapers
_ban overview
_cR. Padmaja
260 _aNew Delhi
_bKanishka Pub
_c2008c
300 _axii,308p
504 _aIncludes bibliographical references and index
650 _aMass Media
651 _aJournalism
850 _aLCLIB
942 _cBK
999 _c20122
_d70601